Anthropology / (Record no. 9752)

MARC details
000 -LEADER
fixed length control field 00528nam a22001937a 4500
003 - CONTROL NUMBER IDENTIFIER
control field OSt
005 - DATE AND TIME OF LATEST TRANSACTION
control field 20260423010739.0
008 - FIXED-LENGTH DATA ELEMENTS--GENERAL INFORMATION
fixed length control field 260423b |||||||| |||| 00| 0 eng d
020 ## - INTERNATIONAL STANDARD BOOK NUMBER
International Standard Book Number 981-4035-02-5
040 ## - CATALOGING SOURCE
Original cataloging agency DWC-Admin lib
Transcribing agency OC
082 ## - DEWEY DECIMAL CLASSIFICATION NUMBER
Classification number Circ. 301 Em13a 1999
100 ## - MAIN ENTRY--PERSONAL NAME
Personal name Ember, Carol R.
245 ## - TITLE STATEMENT
Title Anthropology /
Statement of responsibility, etc. Carol R. Ember
260 ## - PUBLICATION, DISTRIBUTION, ETC.
Name of publisher, distributor, etc. Prentice hall international, Inc.
300 ## - PHYSICAL DESCRIPTION
Extent xx 573 p. ;
Dimensions 25 cm.
504 ## - BIBLIOGRAPHY, ETC. NOTE
Bibliography, etc. note Include index.
700 ## - ADDED ENTRY--PERSONAL NAME
Personal name Ember, Melvin
942 ## - ADDED ENTRY ELEMENTS (KOHA)
Source of classification or shelving scheme Dewey Decimal Classification
Koha item type Book Circulation
Classification part Circ.
Suppress in OPAC No
952 ## - LOCATION AND ITEM INFORMATION (KOHA)
--
Holdings
Withdrawn status Lost status Source of classification or shelving scheme Damaged status Not for loan Home library Current library Shelving location Date acquired Cost, normal purchase price Total Checkouts Full call number Barcode Date last seen Copy number Price effective from Koha item type Uniform Resource Identifier
    Dewey Decimal Classification     College Library College Library Circulation 04/23/2026 495.00   Circ. 301 Em13a 1999 CL34180 04/23/2026 c1 04/23/2026 BK-CIRC